UM Logo

Notes and comments on Robert's rules / (Record no. 13439)

MARC details
000 -LEADER
fixed length control field 00733nam a22002057a 4500
008 - FIXED-LENGTH DATA ELEMENTS--GENERAL INFORMATION
fixed length control field 190315b ||||| |||| 00| 0 eng d
020 ## - INTERNATIONAL STANDARD BOOK NUMBER
International Standard Book Number 9780809332168
082 ## - DEWEY DECIMAL CLASSIFICATION NUMBER
Edition number 2012
Classification number AV-Eb 060.42
Item number S631
100 ## - MAIN ENTRY--PERSONAL NAME
Personal name Slaughter,Jim .
9 (RLIN) 37611
245 ## - TITLE STATEMENT
Title Notes and comments on Robert's rules /
Statement of responsibility, etc. Jim Slaughter, Gaut Ragsdale, and Jon L. Ericson.
250 ## - EDITION STATEMENT
Edition statement Fourth Edition
260 ## - PUBLICATION, DISTRIBUTION, ETC. (IMPRINT)
Place of publication, distribution, etc. USA :
Name of publisher, distributor, etc. Southern Illinois University Press,
Date of publication, distribution, etc. ©2012.
300 ## - PHYSICAL DESCRIPTION
Extent 209 pages;
500 ## - GENERAL NOTE
General note Includes index.
650 ## - SUBJECT ADDED ENTRY--TOPICAL TERM
Topical term or geographic name as entry element Parliamentary practice
9 (RLIN) 15745
700 ## - ADDED ENTRY--PERSONAL NAME
Personal name Ragsdale,Gaut.
9 (RLIN) 37612
700 ## - ADDED ENTRY--PERSONAL NAME
Personal name Ericson,Jon L.
9 (RLIN) 37613
856 ## - ELECTRONIC LOCATION AND ACCESS
Link text https://ebookcentral.proquest.com/lib/uniofmindanao-ebooks/detail.action?docID=1354535
942 ## - ADDED ENTRY ELEMENTS (KOHA)
Source of classification or shelving scheme Dewey Decimal Classification
Koha item type Ebooks
Holdings
Withdrawn status Lost status Source of classification or shelving scheme Damaged status Not for loan Home library Current library Shelving location Date acquired Source of acquisition Total Checkouts Full call number Barcode Date last seen Copy number Price effective from Koha item type
    Dewey Decimal Classification     UM Digos College - LIC UM Digos College - LIC Processing Center 03/15/2019 Downloaded   AV-Eb 060.42 S631 Eb084 03/15/2019 1 03/15/2019 Ebooks